[Event "Mike's March Madness"]
[Site "Victoria CAN"]
[Date "2001.03.25"]
[Round "4.3"]
[White "Stanford, Mike"]
[Black "Poitras, Luc"]
[Result "1/2-1/2"]
[WhiteElo "2086"]
[BlackElo "2194"]
[PlyCount "36"]
[GameId "2160767911565128"]
[EventDate "2001.03.23"]
[EventType "tourn"]
[EventRounds "5"]
[EventCountry "CAN"]

1. e4 c5 2. Nf3 Nc6 3. d4 cxd4 4. Nxd4 e5 5. Nb5 d6 6. c4 Be7 7. N1c3 a6 8. Na3 Be6 9. Bd3 Bg5 10. O-O Rc8 11. Nd5 Bxc1 12. Rxc1 Nge7 13. Nc2 O-O 14. Nxe7+ Qxe7 15. Qd2 g6 16. Nb4 Nd4 17. Nc2 Nc6 18. Nb4 Nd4 1/2-1/2

[Event "Mike's March Madness"]
[Site "Victoria CAN"]
[Date "2001.03.25"]
[Round "5.1"]
[White "Poitras, Luc"]
[Black "Moore, Harry"]
[Result "1-0"]
[WhiteElo "2107"]
[BlackElo "2260"]
[PlyCount "131"]
[GameId "2160767911565129"]
[EventDate "2001.03.23"]
[EventType "tourn"]
[EventRounds "5"]
[EventCountry "CAN"]
[SourceTitle "EXT 2003"]
[Source "ChessBase"]
[SourceDate "2002.11.25"]
[SourceVersion "1"]
[SourceVersionDate "2002.11.25"]
[SourceQuality "1"]

1. e4 c5 2. Nf3 d6 3. d4 cxd4 4. Nxd4 Nf6 5. Nc3 a6 6. Bc4 e6 7. Bb3 b5 8. O-O Be7 9. f4 O-O 10. f5 e5 11. Nde2 Bb7 12. Ng3 Nbd7 13. Bg5 Rc8 14. a3 Nb6 15. Bxf6 Bxf6 16. Nh5 Nc4 17. Bxc4 Rxc4 18. Nxf6+ Qxf6 19. Qe2 Rfc8 20. Rad1 b4 21. axb4 Rxb4 22. b3 Rd4 23. Nd5 Bxd5 24. exd5 Rxd1 25. Qxd1 e4 26. c4 Re8 27. Qa1 Qg5 28. Qa4 Re5 29. Qxa6 h6 30. Qxd6 Qe3+ 31. Kh1 Rxf5 32. Rg1 Qd3 33. Qe7 e3 34. d6 Rf1 35. h3 e2 36. d7 Rxg1+ 37. Kxg1 Qd4+ 38. Kh1 Qd1+ 39. Kh2 Kh7 40. d8=Q Qxd8 41. Qxd8 e1=Q 42. Qd3+ g6 43. Qd5 Qf2 44. Qf3 Qa7 45. c5 Qc7+ 46. Kh1 Qxc5 47. Qxf7+ Kh8 48. Qxg6 Qc1+ 49. Kh2 Qf4+ 50. Qg3 Qb4 51. Qe5+ Kh7 52. Qc7+ Kg6 53. Qg3+ Kh7 54. h4 Kh8 55. h5 Qb5 56. Qf3 Qe5+ 57. g3 Qb5 58. Qf6+ Kg8 59. Qg6+ Kh8 60. Qxh6+ Kg8 61. Qe6+ Kh8 62. Qf6+ Kh7 63. Qf3 Qg5 64. g4 Kh8 65. Qf8+ Kh7 66. Qf5+ 1-0

[Event "Mike's March Madness"]
[Site "Victoria CAN"]
[Date "2001.03.25"]
[Round "5.2"]
[White "Wu, Howard"]
[Black "Stanford, Mike"]
[Result "1-0"]
[WhiteElo "2214"]
[BlackElo "2086"]
[PlyCount "111"]
[GameId "2160767911565130"]
[EventDate "2001.03.23"]
[EventType "tourn"]
[EventRounds "5"]
[EventCountry "CAN"]

1. e4 c5 2. c4 d6 3. Nc3 Nc6 4. g3 g6 5. Bg2 Bg7 6. Nge2 e6 7. O-O Nge7 8. d3 O-O 9. Be3 Nd4 10. f4 Rb8 11. Rb1 Nec6 12. g4 f5 13. gxf5 gxf5 14. Ng3 Bd7 15. Kh1 Ne7 16. Nh5 Bh8 17. Ne2 Be8 18. Nxd4 cxd4 19. Bd2 b5 20. cxb5 Rxb5 21. a4 Rb8 22. b4 a6 23. Rg1 Ng6 24. Rc1 Qd7 25. exf5 Rxf5 26. Be4 Rf8 27. Qg4 d5 28. Bf3 Qf7 29. h4 h6 30. Rce1 Rb6 31. a5 Rc6 32. b5 axb5 33. Bb4 Ra6 34. Rg2 Kh7 35. Qxg6+ Qxg6 36. Rxg6 Bxg6 37. Bxf8 Bxd3 38. Bb4 Rc6 39. Ng3 Bf6 40. h5 Bh4 41. Kg2 Rc2+ 42. Kg1 Bxg3 43. Rxe6 Bxf4 44. Re7+ Kg8 45. a6 Be3+ 46. Kh1 Be4 47. Bxe4 dxe4 48. a7 Rc8 49. Rb7 Bf4 50. Bc5 d3 51. Kg2 d2 52. Rd7 e3 53. Kf3 Re8 54. Ke2 Bg5 55. Bb6 Bf4 56. Bd8 1-0

[Event "Mike's March Madness"]
[Site "Victoria CAN"]
[Date "2001.03.25"]
[Round "5.3"]
[White "Yoos, John"]
[Black "Davies, Alex"]
[Result "1/2-1/2"]
[WhiteElo "2424"]
[BlackElo "2263"]
[PlyCount "101"]
[GameId "2160767911565131"]
[EventDate "2001.03.23"]
[EventType "tourn"]
[EventRounds "5"]
[EventCountry "CAN"]

1. e4 e5 2. f4 Nc6 3. Bc4 Nf6 4. Nf3 d5 5. exd5 Nxd5 6. fxe5 Bg4 7. Nc3 Bxf3 8. Qxf3 Qh4+ 9. g3 Qxc4 10. Qxd5 Qxd5 11. Nxd5 O-O-O 12. Nc3 Bc5 13. Ne4 Rhe8 14. Nxc5 Rxe5+ 15. Kd1 Rxc5 16. Rf1 f6 17. d3 Nb4 18. Rf2 Re8 19. a3 Nd5 20. Rf3 Rc6 21. c4 Nb6 22. Re3 Rce6 23. Ke2 Kd7 24. b3 c5 25. Bd2 h6 26. Re1 Rxe3+ 27. Bxe3 Nc8 28. b4 cxb4 29. axb4 a6 30. Kd2 Nd6 31. Bf2 Rxe1 32. Bxe1 Ke6 33. Ke3 Nc8 34. Kd4 Kd6 35. g4 Kc6 36. Kc3 Ne7 37. d4 f5 38. d5+ Kd7 39. gxf5 Nxf5 40. Kd3 Nd6 41. Kd4 Nf5+ 42. Kc5 Nd6 43. Kd4 Nf5+ 44. Ke5 Ne3 45. c5 Ng4+ 46. Kf4 Nxh2 47. Kg3 Nf1+ 48. Kf2 Nh2 49. Kg3 Nf1+ 50. Kf2 Nh2 51. Kg3 1/2-1/2

[Event "Montcalm I 2001-02"]
[Site "Quebec CAN"]
[Date "2001.09.13"]
[Round "1"]
[White "Auger, Bertrand"]
[Black "Lachance, Norbert"]
[Result "1-0"]
[WhiteElo "2070"]
[BlackElo "1685"]
[PlyCount "93"]
[GameId "2160767911485258"]
[EventDate "2001.09.13"]
[EventType "swiss"]
[EventRounds "5"]
[EventCountry "CAN"]
[SourceTitle "EXT 2009"]
[Source "ChessBase"]
[SourceDate "2008.11.26"]
[SourceVersion "1"]
[SourceVersionDate "2008.11.26"]
[SourceQuality "1"]

1. Nf3 d5 2. c4 c6 3. b3 Bg4 4. Bb2 Nd7 5. d4 Ngf6 6. Nbd2 e6 7. a3 Bd6 8. g3 O-O 9. Bg2 Re8 10. Ne5 Bh5 11. Ndf3 Ng4 12. O-O Ngxe5 13. Nxe5 f6 14. Nd3 Bf7 15. e4 dxe4 16. Bxe4 e5 17. d5 cxd5 18. cxd5 Nb6 19. Qf3 Bf8 20. Rfd1 Bxd5 21. Bxd5+ Qxd5 22. Qxd5+ Nxd5 23. Nxe5 Rad8 24. Nc4 Re2 25. Bd4 b6 26. Be3 b5 27. Na5 a6 28. Rd3 Kf7 29. b4 Be7 30. Nc6 Rc8 31. Nd4 Nxe3 32. Nxe2 Ng4 33. Rd7 Rc2 34. Nf4 Ne5 35. Rb7 Rd2 36. Kf1 g5 37. Ng2 Nd3 38. f4 gxf4 39. gxf4 Kf8 40. Rd7 f5 41. Ne1 Bf6 42. Rb1 Rb2 43. Rxb2 Nxb2 44. Rd6 Bh4 45. Nf3 Nc4 46. Rxa6 Ne3+ 47. Ke2 1-0

[Event "Montcalm I 2001-02"]
[Site "Quebec CAN"]
[Date "2001.09.13"]
[Round "1"]
[White "Dion, Jean-Francois"]
[Black "Audet-Bouchard, Nicolas"]
[Result "0-1"]
[WhiteElo "1713"]
[BlackElo "2034"]
[PlyCount "58"]
[GameId "2160767911485259"]
[EventDate "2001.09.13"]
[EventType "swiss"]
[EventRounds "5"]
[EventCountry "CAN"]
[SourceTitle "EXT 2009"]
[Source "ChessBase"]
[SourceDate "2008.11.26"]
[SourceVersion "1"]
[SourceVersionDate "2008.11.26"]
[SourceQuality "1"]

1. d4 c5 2. c3 e6 3. Nf3 b6 4. Bf4 Bb7 5. Nbd2 Nc6 6. e3 Nf6 7. Bd3 Be7 8. Ne4 Nxe4 9. Bxe4 d5 10. Bd3 h6 11. O-O Bd6 12. Bxd6 Qxd6 13. a3 O-O 14. Nd2 e5 15. dxe5 Qxe5 16. Qc2 Rfd8 17. Nf3 Qe7 18. Rad1 a5 19. a4 Ba6 20. Bxa6 Rxa6 21. Rd2 Qe6 22. Rfd1 Ra7 23. Qb3 Ne7 24. c4 Rad7 25. cxd5 Rxd5 26. Rxd5 Rxd5 27. Rxd5 Nxd5 28. Qd1 Kf8 29. Kf1 Ke7 0-1

[Event "Montcalm I 2001-02"]
[Site "Quebec CAN"]
[Date "2001.09.13"]
[Round "1"]
[White "Fecteau, Martin"]
[Black "Bourassa, Andre"]
[Result "1-0"]
[WhiteElo "1881"]
[BlackElo "1603"]
[PlyCount "115"]
[GameId "2160767911485260"]
[EventDate "2001.09.13"]
[EventType "swiss"]
[EventRounds "5"]
[EventCountry "CAN"]

1. d4 d5 2. g3 Nf6 3. Bg2 c6 4. Nf3 e6 5. O-O Bd6 6. Nbd2 Nbd7 7. c4 b6 8. b3 Qc7 9. Bb2 Bb7 10. Rc1 Rc8 11. cxd5 exd5 12. Nh4 O-O 13. Nf5 Rfe8 14. Nxd6 Qxd6 15. Nf3 g6 16. Ne5 Qe6 17. Qd2 Kg7 18. Rc2 Ng8 19. Qf4 f6 20. Nxd7 Qxd7 21. Bf3 Qe6 22. e4 dxe4 23. Bg4 Qd5 24. Bxc8 Bxc8 25. Qc7+ Ne7 26. Re1 Qd7 27. Qxd7 Bxd7 28. Rce2 Nd5 29. Rxe4 Rxe4 30. Rxe4 Kf7 31. Ba3 Be6 32. Re2 Bd7 33. Rc2 Ke6 34. Kg2 Kf7 35. Kf3 Kg7 36. g4 Kf7 37. h3 Kg7 38. Ke4 Kf7 39. Kf3 Nc7 40. Kg3 Nd5 41. Re2 Be6 42. f3 Bc8 43. Bd6 Bd7 44. a4 a5 45. Rb2 Ke6 46. Ba3 Be8 47. b4 axb4 48. Bxb4 c5 49. dxc5 Bxa4 50. cxb6 Nxb6 51. Re2+ Kf7 52. Re7+ Kg8 53. Ra7 Be8 54. Re7 Bf7 55. Rb7 Nc8 56. Bc3 Kg7 57. g5 Nd6 58. Bxf6+ 1-0

[Event "Montcalm I 2001-02"]
[Site "Quebec CAN"]
[Date "2001.09.13"]
[Round "1"]
[White "Plante, Rejean"]
[Black "Pilote, Guillaume"]
[Result "1/2-1/2"]
[WhiteElo "2177"]
[BlackElo "1774"]
[PlyCount "63"]
[GameId "2160767911485261"]
[EventDate "2001.09.13"]
[EventType "swiss"]
[EventRounds "5"]
[EventCountry "CAN"]
[SourceTitle "EXT 2009"]
[Source "ChessBase"]
[SourceDate "2008.11.26"]
[SourceVersion "1"]
[SourceVersionDate "2008.11.26"]
[SourceQuality "1"]

1. c4 Nf6 2. d4 g6 3. Nc3 Bg7 4. e4 d6 5. f3 O-O 6. Bg5 Nc6 7. Qd2 a6 8. Rd1 Rb8 9. Nge2 b5 10. cxb5 axb5 11. d5 Na5 12. Nd4 b4 13. Ncb5 e5 14. Nc2 Qd7 15. Qxb4 Nb7 16. Na7 Nc5 17. Qxb8 Bb7 18. Qxf8+ Kxf8 19. Bb5 Qd8 20. Nc6 Qa8 21. N2b4 Bxc6 22. Bxc6 Qa5 23. a3 Nb3 24. O-O Qc5+ 25. Kh1 Nh5 26. Rd3 Nd4 27. Rc1 Qa7 28. Be3 Nf4 29. g3 Nxd3 30. Nxd3 Qa5 31. Kg2 Qa6 32. Rc3 1/2-1/2

[Event "Montcalm I 2001-02"]
[Site "Quebec CAN"]
[Date "2001.09.20"]
[Round "2"]
[White "Audet-Bouchard, Nicolas"]
[Black "Sauve, Richard"]
[Result "1-0"]
[WhiteElo "2034"]
[BlackElo "1954"]
[PlyCount "53"]
[GameId "2160767911485262"]
[EventDate "2001.09.13"]
[EventType "swiss"]
[EventRounds "5"]
[EventCountry "CAN"]
[SourceTitle "EXT 2009"]
[Source "ChessBase"]
[SourceDate "2008.11.26"]
[SourceVersion "1"]
[SourceVersionDate "2008.11.26"]
[SourceQuality "1"]

1. e4 e6 2. d4 d5 3. Nc3 Nf6 4. Bg5 Bb4 5. e5 h6 6. Bd2 Bxc3 7. bxc3 Ne4 8. Qg4 g6 9. Bd3 Nxd2 10. Kxd2 c5 11. dxc5 Nc6 12. Nf3 Qa5 13. Qf4 Qxc5 14. Nd4 a6 15. Rhb1 b5 16. Nxc6 Qxc6 17. a4 bxa4 18. Rxa4 O-O 19. Rd4 Qc7 20. Re1 Bd7 21. Qxh6 Rfc8 22. c4 dxc4 23. Bxg6 Qa5+ 24. c3 fxg6 25. Qxg6+ Kf8 26. Rf4+ Ke7 27. Qf6+ 1-0

[Event "Montcalm I 2001-02"]
[Site "Quebec CAN"]
[Date "2001.09.20"]
[Round "2"]
[White "Bedard, Jonathan"]
[Black "Dion, Jean-Francois"]
[Result "0-1"]
[WhiteElo "1490"]
[BlackElo "1713"]
[PlyCount "74"]
[GameId "2160767911485263"]
[EventDate "2001.09.13"]
[EventType "swiss"]
[EventRounds "5"]
[EventCountry "CAN"]
[SourceTitle "EXT 2009"]
[Source "ChessBase"]
[SourceDate "2008.11.26"]
[SourceVersion "1"]
[SourceVersionDate "2008.11.26"]
[SourceQuality "1"]

1. e4 d6 2. d4 Nf6 3. Nc3 c6 4. Bc4 b5 5. Bd3 g6 6. Nf3 Bg7 7. O-O O-O 8. h3 Qc7 9. Be3 Nbd7 10. Ne2 e5 11. c3 a6 12. Qd2 Re8 13. Ng3 d5 14. dxe5 Nxe4 15. Nxe4 dxe4 16. Bxe4 Nxe5 17. Bd4 Nc4 18. Qc2 Bxd4 19. Nxd4 Bb7 20. Rfe1 c5 21. Bxb7 Qxb7 22. Rxe8+ Rxe8 23. Nb3 Qc7 24. Nd2 Re2 25. Rd1 Nxd2 26. Qd3 Qe5 27. g3 Re1+ 28. Rxe1 Qxe1+ 29. Kg2 Qe4+ 30. Qxe4 Nxe4 31. Kf3 f5 32. g4 Kf7 33. gxf5 gxf5 34. h4 Ke6 35. Ke3 c4 36. f4 Kd5 37. a3 Nc5 0-1

[Event "Montcalm I 2001-02"]
[Site "Quebec CAN"]
[Date "2001.09.20"]
[Round "2"]
[White "Bourassa, Andre"]
[Black "Leblanc, David"]
[Result "0-1"]
[WhiteElo "1603"]
[BlackElo "1277"]
[PlyCount "50"]
[GameId "2160767911485264"]
[EventDate "2001.09.13"]
[EventType "swiss"]
[EventRounds "5"]
[EventCountry "CAN"]

1. d4 Nf6 2. c4 g6 3. Nc3 Bg7 4. e4 d6 5. Bd3 c5 6. d5 e6 7. Nge2 exd5 8. exd5 O-O 9. O-O Nbd7 10. Qb3 Ne5 11. Bc2 b6 12. f4 Neg4 13. h3 Nh6 14. Be3 Bd7 15. Ng3 Qc8 16. h4 Nfg4 17. Nd1 Qd8 18. Rf3 Qxh4 19. Nf1 Nxe3 20. Ndxe3 Bd4 21. g3 Qh3 22. Rf2 Ng4 23. Rg2 Rfe8 24. Re1 Re7 25. Ree2 Rae8 0-1

[Event "Montcalm I 2001-02"]
[Site "Quebec CAN"]
[Date "2001.09.20"]
[Round "2"]
[White "Drolet, Stephane"]
[Black "Fecteau, Martin"]
[Result "1-0"]
[WhiteElo "2026"]
[BlackElo "1866"]
[PlyCount "103"]
[GameId "2160767911485265"]
[EventDate "2001.09.13"]
[EventType "swiss"]
[EventRounds "5"]
[EventCountry "CAN"]
[SourceTitle "EXT 2009"]
[Source "ChessBase"]
[SourceDate "2008.11.26"]
[SourceVersion "1"]
[SourceVersionDate "2008.11.26"]
[SourceQuality "1"]

1. d4 Nf6 2. c4 e6 3. Nf3 c5 4. d5 exd5 5. cxd5 d6 6. Nc3 g6 7. e4 Bg7 8. h3 O-O 9. Bd3 a6 10. a4 Re8 11. O-O Nbd7 12. Re1 Qc7 13. Bc4 Nb6 14. Bf1 c4 15. a5 Nbd7 16. Qa4 b5 17. axb6 Nxb6 18. Qa5 Nfd7 19. Bf4 Nc5 20. Nd2 Nb3 21. Nxb3 cxb3 22. Rec1 Qb8 23. Qa3 Be5 24. Bxe5 Rxe5 25. Qxb3 Re7 26. Qa3 Bb7 27. Re1 Nd7 28. Na4 g5 29. Qg3 f6 30. Rac1 Kh8 31. Qc3 Ne5 32. Nb6 Ra7 33. Nc4 Qd8 34. Nxe5 fxe5 35. Qe3 Bc8 36. Qxg5 Qf8 37. Qe3 Rg7 38. Rc6 Raf7 39. Rc3 Qg8 40. g3 Rf8 41. Bg2 Rgf7 42. Re2 Bd7 43. Rec2 Bb5 44. Rc7 Qg6 45. Rxf7 Rxf7 46. Rc8+ Kg7 47. h4 Bd7 48. Rc7 h6 49. Qa7 Qg4 50. Kh2 Be8 51. Rxf7+ Bxf7 52. Qxa6 1-0

[Event "Montcalm I 2001-02"]
[Site "Quebec CAN"]
[Date "2001.09.20"]
[Round "2"]
[White "Myre, Eric"]
[Black "Auger, Bertrand"]
[Result "1/2-1/2"]
[WhiteElo "1868"]
[BlackElo "2090"]
[PlyCount "98"]
[GameId "2160767911485266"]
[EventDate "2001.09.13"]
[EventType "swiss"]
[EventRounds "5"]
[EventCountry "CAN"]
[SourceTitle "EXT 2009"]
[Source "ChessBase"]
[SourceDate "2008.11.26"]
[SourceVersion "1"]
[SourceVersionDate "2008.11.26"]
[SourceQuality "1"]

1. d4 e6 2. c4 d5 3. cxd5 exd5 4. Nc3 Nf6 5. Bg5 Be7 6. e3 O-O 7. Bd3 Nbd7 8. Qc2 Re8 9. Nf3 Nf8 10. O-O Be6 11. Rfc1 h6 12. Bxf6 Bxf6 13. Na4 Rc8 14. b4 Qe7 15. b5 Nd7 16. Nc5 Nxc5 17. Qxc5 Qxc5 18. Rxc5 Be7 19. Rc2 Bd6 20. a4 Bd7 21. a5 f6 22. Nd2 f5 23. g3 g5 24. Nb3 b6 25. axb6 axb6 26. Nc1 Kf7 27. Ne2 Rh8 28. Nc3 Be6 29. Rca2 h5 30. Ra7 h4 31. Kg2 hxg3 32. hxg3 f4 33. e4 dxe4 34. Nxe4 Be7 35. Rc1 Bd5 36. Rcxc7 Rxc7 37. Rxc7 Ke6 38. Bc4 Bxc4 39. Rxc4 Kd5 40. Nd2 g4 41. gxf4 Rh3 42. Rc6 Bd6 43. Rxb6 Bxf4 44. Nf1 Rb3 45. Rg6 Kxd4 46. b6 Ke5 47. Rxg4 Rxb6 48. Ne3 Bxe3 49. fxe3 Rf6 1/2-1/2

[Event "Montcalm I 2001-02"]
[Site "Quebec CAN"]
[Date "2001.09.27"]
[Round "3"]
[White "Auger, Bertrand"]
[Black "Caron, Gabriel"]
[Result "1-0"]
[WhiteElo "2070"]
[BlackElo "1416"]
[PlyCount "93"]
[GameId "2160767911485267"]
[EventDate "2001.09.13"]
[EventType "swiss"]
[EventRounds "5"]
[EventCountry "CAN"]

1. Nf3 d5 2. g3 Nf6 3. b3 e6 4. Bg2 Bd6 5. Bb2 Nbd7 6. c4 b6 7. O-O O-O 8. Nc3 Bb7 9. d3 a6 10. Qc2 Re8 11. e4 dxe4 12. dxe4 e5 13. Nh4 g6 14. Bf3 Nb8 15. Rad1 Qe7 16. Ng2 Ba3 17. Ba1 Nc6 18. Nd5 Nxd5 19. exd5 Nd8 20. Rfe1 Bd6 21. Nh4 c6 22. Bg2 cxd5 23. cxd5 Rc8 24. Qe2 Bb4 25. Qxe5 Qxe5 26. Rxe5 Rxe5 27. Bxe5 a5 28. Bf6 Ba6 29. Bh3 Ra8 30. Bf1 Bxf1 31. Kxf1 Nb7 32. Nf3 Rc8 33. Nd4 Nd6 34. Nc6 Rc7 35. Nxb4 axb4 36. Be5 Rd7 37. Bxd6 Rxd6 38. Rd4 b5 39. Ke2 Kg7 40. g4 Kf6 41. Ke3 Rd8 42. h4 h6 43. Rf4+ Ke5 44. Re4+ Kf6 45. Kd4 Rc8 46. Re2 Rc1 47. d6 1-0

[Event "Montcalm I 2001-02"]
[Site "Quebec CAN"]
[Date "2001.09.27"]
[Round "3"]
[White "Dion, Jean-Francois"]
[Black "Dube, Daniel"]
[Result "1-0"]
[WhiteElo "1713"]
[BlackElo "1375"]
[PlyCount "109"]
[GameId "2160767911485268"]
[EventDate "2001.09.13"]
[EventType "swiss"]
[EventRounds "5"]
[EventCountry "CAN"]
[SourceTitle "EXT 2009"]
[Source "ChessBase"]
[SourceDate "2008.11.26"]
[SourceVersion "1"]
[SourceVersionDate "2008.11.26"]
[SourceQuality "1"]

1. d4 g6 2. Nf3 Bg7 3. Bf4 d6 4. e3 c5 5. c3 cxd4 6. exd4 Nf6 7. Bc4 d5 8. Bd3 Bg4 9. h3 Bxf3 10. Qxf3 Qb6 11. Qe2 Nc6 12. O-O O-O 13. Qc2 Rac8 14. Qb3 Qxb3 15. axb3 a6 16. Nd2 Rfe8 17. b4 e5 18. dxe5 Nxe5 19. Bxe5 Rxe5 20. Nf3 Re6 21. Nd4 Rd6 22. Rad1 Nd7 23. Bc2 Rc4 24. Bb3 Rc8 25. Rfe1 Nb6 26. Re7 Rb8 27. Nf3 Bf6 28. Rc7 Rc6 29. Rxc6 bxc6 30. Ra1 Ra8 31. Ra5 Bd8 32. Rc5 Be7 33. Rxc6 Nc4 34. Bxc4 dxc4 35. Rxc4 a5 36. b5 Rb8 37. Re4 Bf6 38. Nd4 Bxd4 39. Rxd4 Rxb5 40. Rd2 a4 41. Kf1 Kf8 42. Ke2 a3 43. b4 Rb8 44. Ra2 Ra8 45. Kd3 Ke7 46. Kc4 Kd6 47. Kb3 Re8 48. Kxa3 Kd5 49. Kb3 f5 50. Rd2+ Kc6 51. c4 g5 52. Rd5 g4 53. Rxf5 gxh3 54. gxh3 Re2 55. Rf6+ 1-0

[Event "Montcalm I 2001-02"]
[Site "Quebec CAN"]
[Date "2001.09.27"]
[Round "3"]
[White "Leblanc, David"]
[Black "Drolet, Stephane"]
[Result "1-0"]
[WhiteElo "1277"]
[BlackElo "2023"]
[PlyCount "77"]
[GameId "2160767911485269"]
[EventDate "2001.09.13"]
[EventType "swiss"]
[EventRounds "5"]
[EventCountry "CAN"]
[SourceTitle "EXT 2009"]
[Source "ChessBase"]
[SourceDate "2008.11.26"]
[SourceVersion "1"]
[SourceVersionDate "2008.11.26"]
[SourceQuality "1"]

1. e4 e6 2. d4 d5 3. exd5 exd5 4. Nf3 Bd6 5. Nc3 c6 6. Bd3 Bg4 7. O-O Ne7 8. h3 Bh5 9. Re1 Nd7 10. Bg5 f6 11. Be3 Qc7 12. a3 g5 13. b4 g4 14. hxg4 Bxg4 15. b5 h5 16. Kf1 O-O-O 17. a4 c5 18. a5 c4 19. b6 axb6 20. Nb5 Qb8 21. Nxd6+ Qxd6 22. a6 cxd3 23. a7 Kc7 24. cxd3 Ra8 25. Qc1+ Kd8 26. Bf4 Qc6 27. Qa3 Rh7 28. Rac1 Qb5 29. Bc7+ Ke8 30. Bd6 Ne5 31. dxe5 f5 32. Rc7 Bxf3 33. gxf3 Qa6 34. Qxa6 bxa6 35. Rb7 Rh8 36. Rxe7+ Kd8 37. Rc1 h4 38. Rcc7 h3 39. Rb7 1-0

[Event "Montcalm I 2001-02"]
[Site "Quebec CAN"]
[Date "2001.09.27"]
[Round "3"]
[White "Leroux, Alexis"]
[Black "Audet-Bouchard, Nicolas"]
[Result "0-1"]
[WhiteElo "1354"]
[BlackElo "2034"]
[PlyCount "66"]
[GameId "2160767911485270"]
[EventDate "2001.09.13"]
[EventType "swiss"]
[EventRounds "5"]
[EventCountry "CAN"]
[SourceTitle "EXT 2009"]
[Source "ChessBase"]
[SourceDate "2008.11.26"]
[SourceVersion "1"]
[SourceVersionDate "2008.11.26"]
[SourceQuality "1"]

1. e4 c5 2. Nf3 Nc6 3. d4 cxd4 4. Nxd4 Nf6 5. Nc3 d6 6. Bg5 e6 7. Bc4 Be7 8. f4 a6 9. Nf3 b5 10. Bd3 Bb7 11. O-O O-O 12. a3 Rc8 13. h3 h6 14. Bh4 b4 15. axb4 Qb6+ 16. Kh2 Qxb4 17. g4 d5 18. Be1 Qb6 19. g5 Nxe4 20. gxh6 g6 21. Nxe4 dxe4 22. Bxe4 Rfd8 23. Qb1 Qe3 24. Ra4 Qxf4+ 25. Bg3 Qxh6 26. b3 Bd6 27. Bxd6 Rxd6 28. Bd3 Ne7 29. Rh4 Qg7 30. Ng5 Qe5+ 31. Rhf4 Qxg5 32. Rg4 Qd2+ 33. Kg1 Rxd3 0-1

[Event "Montcalm I 2001-02"]
[Site "Quebec CAN"]
[Date "2001.09.27"]
[Round "3"]
[White "Plante, Rejean"]
[Black "Myre, Eric"]
[Result "1-0"]
[WhiteElo "2177"]
[BlackElo "1868"]
[PlyCount "59"]
[GameId "2160767911485272"]
[EventDate "2001.09.13"]
[EventType "swiss"]
[EventRounds "5"]
[EventCountry "CAN"]
[SourceTitle "EXT 2009"]
[Source "ChessBase"]
[SourceDate "2008.11.26"]
[SourceVersion "1"]
[SourceVersionDate "2008.11.26"]
[SourceQuality "1"]

1. c4 c5 2. Nf3 Nc6 3. Nc3 g6 4. d4 cxd4 5. Nxd4 Bg7 6. Nc2 Nf6 7. e4 O-O 8. Be2 d6 9. O-O Nd7 10. Be3 Nc5 11. f3 f5 12. exf5 Bxf5 13. Nd4 Nxd4 14. Bxd4 e5 15. Be3 e4 16. fxe4 Bxc3 17. exf5 Bxb2 18. Qd5+ Kg7 19. fxg6 Qe7 20. Bh6+ Kh8 21. Rxf8+ Rxf8 22. Bxf8 Qxf8 23. Rf1 Qh6 24. gxh7 Kxh7 25. Qf5+ Kh8 26. Qf8+ Qxf8 27. Rxf8+ Kg7 28. Rd8 Be5 29. Bf3 Ne6 30. Rd7+ 1-0

[Event "Montcalm I 2001-02"]
[Site "Quebec CAN"]
[Date "2001.10.04"]
[Round "4"]
[White "Audet-Bouchard, Nicolas"]
[Black "Leblanc, David"]
[Result "1-0"]
[WhiteElo "2034"]
[BlackElo "1277"]
[PlyCount "25"]
[GameId "2160767911485273"]
[EventDate "2001.09.13"]
[EventType "swiss"]
[EventRounds "5"]
[EventCountry "CAN"]
[SourceTitle "EXT 2009"]
[Source "ChessBase"]
[SourceDate "2008.11.26"]
[SourceVersion "1"]
[SourceVersionDate "2008.11.26"]
[SourceQuality "1"]

1. e4 c5 2. Nf3 d6 3. d4 cxd4 4. Nxd4 Nf6 5. Nc3 a6 6. Be2 e6 7. O-O b5 8. Bf3 Bb7 9. e5 Bxf3 10. Qxf3 Nd5 11. Nxd5 exd5 12. Qxd5 Nd7 13. exd6 1-0

[Event "Montcalm I 2001-02"]
[Site "Quebec CAN"]
[Date "2001.10.04"]
[Round "4"]
[White "Bourassa, Andre"]
[Black "Grant, James"]
[Result "1-0"]
[WhiteElo "1603"]
[BlackElo "1401"]
[PlyCount "89"]
[GameId "2160767911485274"]
[EventDate "2001.09.13"]
[EventType "swiss"]
[EventRounds "5"]
[EventCountry "CAN"]

1. d4 d5 2. c4 e6 3. Nc3 Nf6 4. Nf3 c5 5. cxd5 exd5 6. Bg5 Be6 7. e3 Be7 8. dxc5 O-O 9. Be2 Nc6 10. O-O h6 11. Bh4 g5 12. Bg3 Bxc5 13. Nd4 Nxd4 14. exd4 Bd6 15. Rc1 Bxg3 16. fxg3 a6 17. Qd3 Kg7 18. Na4 Nd7 19. Nc5 Nxc5 20. dxc5 b5 21. Qd4+ f6 22. Rc3 Ra7 23. c6 Qc7 24. Rcf3 Qe7 25. Rxf6 Rxf6 26. Rxf6 Qxf6 27. Qxa7+ Kg6 28. Bd3+ Bf5 29. Bxf5+ Qxf5 30. h3 Qb1+ 31. Kh2 Qxb2 32. Qxa6 Qf6 33. Qxb5 Qd6 34. a4 h5 35. Qd3+ Kh6 36. c7 Qxc7 37. Qxd5 h4 38. Qb3 Qe5 39. Qa3 Kg6 40. a5 hxg3+ 41. Qxg3 Qxa5 42. h4 Kh6 43. Qxg5+ Qxg5 44. hxg5+ Kxg5 45. Kg3 1-0

[Event "Montcalm I 2001-02"]
[Site "Quebec CAN"]
[Date "2001.10.04"]
[Round "4"]
[White "Dion, Jean-Francois"]
[Black "Sauve, Richard"]
[Result "1/2-1/2"]
[WhiteElo "1713"]
[BlackElo "1954"]
[PlyCount "95"]
[GameId "2160767911485275"]
[EventDate "2001.09.13"]
[EventType "swiss"]
[EventRounds "5"]
[EventCountry "CAN"]
[SourceTitle "EXT 2009"]
[Source "ChessBase"]
[SourceDate "2008.11.26"]
[SourceVersion "1"]
[SourceVersionDate "2008.11.26"]
[SourceQuality "1"]

1. d4 e6 2. Nf3 Nf6 3. Bf4 d5 4. e3 Bd6 5. Bxd6 Qxd6 6. Nbd2 O-O 7. Bd3 Nbd7 8. O-O e5 9. dxe5 Nxe5 10. Nxe5 Qxe5 11. c3 Bg4 12. Nf3 Qe7 13. h3 Bh5 14. Be2 Rfd8 15. Qb3 c6 16. Rad1 Ne4 17. Nd4 Bxe2 18. Nxe2 a5 19. a4 h6 20. Rd4 Qc7 21. Qc2 c5 22. Rdd1 Qc6 23. c4 dxc4 24. Qxc4 Nd2 25. Qh4 g5 26. Qg3 Nxf1 27. Rxf1 Kh7 28. f4 Qg6 29. f5 Qd6 30. Qg4 Qd3 31. Ng3 Qxe3+ 32. Kh2 Rd4 33. Qh5 Rf8 34. f6 Rh4 35. Qd1 Qd4 36. Qc2+ Kh8 37. Kh1 Rf4 38. Rxf4 gxf4 39. Nh5 Qe5 40. Qd1 Rg8 41. Qf3 Rg5 42. Qxb7 Rxh5 43. Qxf7 Qe1+ 44. Kh2 Qg3+ 45. Kh1 f3 46. Qe8+ Kh7 47. Qf7+ Kh8 48. Qe8+ 1/2-1/2